[Event "GER-ch U10"]
[Site "Willingen"]
[Date "2024.05.22"]
[Round "7"]
[White "Von Flottwell, Lionel"]
[Black "Dintinger, Ata Lucien"]
[Result "1/2-1/2"]
[WhiteElo "1655"]
[BlackElo "1096"]
[PlyCount "136"]
[EventDate "2024.05.19"]
[EventType "swiss"]
[EventRounds "11"]
[EventCountry "GER"]
[SourceTitle "CBM 220 Extra"]
[Source "ChessBase"]
[SourceDate "2024.07.31"]
[SourceVersion "1"]
[SourceVersionDate "2024.07.31"]
[SourceQuality "1"]

1. e4 e5 2. Nf3 Nc6 3. Nc3 Nf6 4. d4 exd4 5. Nxd4 Bb4 6. Nxc6 bxc6 7. Bd3 d5 8. exd5 cxd5 9. 0-0 0-0 10. Bg5 c6 11. Qf3 Be7 12. Rae1 Be6 13. h3 Rb8 14. Nd1 c5 15. c3 c4 16. Bc2 Re8 17. b3 Qd7 18. Ne3 Ne4 19. Bxe7 Qxe7 20. Bxe4 dxe4 21. Qxe4 cxb3 22. axb3 Rxb3 23. Qa4 Rc8 24. Qa6 Qc5 25. Nd1 Bc4 26. Qa4 Rb5 27. Ne3 Bxf1 28. Kxf1 h6 29. c4 Rb4 30. Qc2 a5 31. Qd3 a4 32. Nd5 Qxc4 33. Qxc4 Rcxc4 34. Nxb4 Rxb4 35. Ra1 Kf8 36. Ke2 Ke7 37. Kd3 Kd6 38. Kc3 Kc5 39. Re1 Rb3+ 40. Kc2 Kb4 41. f3 Rc3+ 42. Kb2 a3+ 43. Ka1 Kb3 44. Rb1+ Ka4 45. Rb7 Rc1+ 46. Ka2 Rc2+ 47. Kb1 Rxg2 48. Rxf7 a2+ 49. Ka1 Kb3 50. Rb7+ Kc3 51. Ra7 Kd3 52. Ra3+ Kd4 53. Ra4+ Ke5 54. f4+ Kf5 55. Ra5+ Kxf4 56. h4 Rh2 57. h5 Kg4 58. Ra4+ Kxh5 59. Ra5+ Kg6 60. Rg5+ Kf6 61. Rf5+ Kg6 62. Rg5+ Kf6 63. Rg6+ Kf5 64. Rf6+ Ke4 65. Rf4+ Ke3 66. Rf3+ Ke2 67. Re3+ Kf1 68. Re1+ Kxe1 1/2-1/2

[Event "GER-ch U10"]
[Site "Willingen"]
[Date "2024.05.19"]
[Round "2"]
[White "Dintinger, Ata Lucien"]
[Black "Fabritius, Wolf"]
[Result "0-1"]
[WhiteElo "1096"]
[BlackElo "1426"]
[PlyCount "112"]
[EventDate "2024.05.19"]
[EventType "swiss"]
[EventRounds "11"]
[EventCountry "GER"]
[SourceTitle "CBM 220 Extra"]
[Source "ChessBase"]
[SourceDate "2024.07.31"]
[SourceVersion "1"]
[SourceVersionDate "2024.07.31"]
[SourceQuality "1"]

1. e4 e6 2. d4 d5 3. exd5 exd5 4. c4 Nf6 5. Nc3 Bb4 6. Nf3 0-0 7. a3 Bxc3+ 8. bxc3 Re8+ 9. Be2 dxc4 10. 0-0 Be6 11. Bf4 Nc6 12. Ne5 Nxe5 13. Bxe5 Nd7 14. Bg3 Nb6 15. Bg4 Rc8 16. Re1 Bxg4 17. Qxg4 Nd5 18. Rxe8+ Qxe8 19. Qf3 c6 20. h3 Qe6 21. Rb1 b5 22. Bf4 Qf6 23. Qg4 Ra8 24. Be5 Qg6 25. Qxg6 hxg6 26. Rc1 f6 27. Bd6 Re8 28. Bc5 a6 29. g4 Nf4 30. Kh2 Nd3 31. Rf1 Nxc5 32. dxc5 Re5 33. Rd1 Rxc5 34. Rd8+ Kh7 35. Ra8 Rd5 36. Rxa6 Rd2 37. Kg3 Rd3+ 38. Kf4 Rxc3 39. a4 g5+ 40. Ke4 Kg6 41. Rxc6 bxa4 42. Kd4 Rxh3 43. Rxc4 a3 44. Ke4 Rh4 45. Kf3 Kh6 46. Kg3 Rh1 47. Ra4 Ra1 48. f4 gxf4+ 49. Kxf4 a2 50. Ra5 Rf1+ 51. Kg3 a1Q 52. Rh5+ Kg6 53. Kh4 Qe1+ 54. Kh3 Qe3+ 55. Kh2 Rf2+ 56. Kh1 Qe1# 0-1